| 000 | 00436nam a22001577a 4500 | ||
|---|---|---|---|
| 003 | OSt | ||
| 005 | 20130411195741.0 | ||
| 008 | 130402s2012 sp ||||| |||| 00| 0 spa d | ||
| 020 | _a9788420420727 | ||
| 040 | _cCDMR | ||
| 100 | 1 |
_9838 _aTalese, Gay |
|
| 245 | 1 | 0 |
_aVida de un escritor _cGay Talese ; traducción de Patricia Torres Londoño |
| 260 |
_aMadrid _bAlfaguara _c2012 |
||
| 650 | 0 | 4 |
_93074 _aPeriodistes _vBiografia |
| 942 |
_2udc _cMON |
||
| 999 |
_c6040 _d6040 |
||